000 01208nam1a22002411i 4500
001 v19\rc\1789398
005 20260406190711.0
035 _a(NLR Aleph) 005251190
090 _a5805626
_c5805626
100 _a20061204g19051906|||y0rusy50 ca
101 0 _arus
102 _aRU
105 _ay z |||||
200 1 _aВопросы межевания и землеустройства
_eВып. 1
_fТопогр.-геодез. комис. Геогр. отд-ния Имп. О-ва любителей естествознания, антропологии и этнографии, состоящего при Моск. ун-те
210 _aМосква
_cтипо-лит. В. Рихтер
_d1905-1906
215 _d25
712 0 2 _aИмператорское общество любителей естествознания, антропологии и этнографии
_bТопографо-геодезическая комиссия
_cдо 1917 г.; Москва
_9401316
_3RU\NLR\AUTH\889952661
801 2 _aRU
_bNLR
_c20090626
_2rusmarc
801 0 _aRU
_bNLR
_c20061204
_gpsbo
801 0 _aRU
_bRuMoRGB
_c20061204
_2psbo
801 1 _aRU
_bProSoft-M
_c20061204
_2rusmarc
852 _aNLR
_j38.36.1.33
942 _cBOOK